| 000 | 00758nam a22001937a 4500 | ||
|---|---|---|---|
| 003 | SISC | ||
| 005 | 20190211092038.0 | ||
| 008 | 190211b xxu||||| |||| 00| 0 eng d | ||
| 100 | _aLerner, Josh; Schoar, Antoinette; Sokolinski, Stanislav; Wilson, Karen | ||
| 245 |
_aThe globalization of angel investments: Evidence across countries _cLerner, Josh; Schoar, Antoinette; Sokolinski, Stanislav; Wilson, Karen |
||
| 260 |
_aAmsterdam _bElsevier _cJanuary 2018 |
||
| 300 | _app. 1-20 | ||
| 440 |
_aJournal of Financial Economics _v127 (1) _x0304-405X |
||
| 600 |
_2Lerner, Josh; Schoar, Antoinette; Sokolinski, Stanislav; Wilson, Karen _91 |
||
| 690 | _2Contracts | ||
| 690 | _2Entrepreneurial finance | ||
| 690 | _2Venture Capital | ||
| 942 |
_2lcc _cSE _kFOR |
||
| 999 |
_c361284 _d361284 |
||